Le code de l'enfant au Bénin : textes législatifs et conventionnels (Record no. 47130)

MARC details
000 -LEADER
fixed length control field 00677nam a22001817a 4500
003 - CONTROL NUMBER IDENTIFIER
control field 0
005 - DATE AND TIME OF LATEST TRANSACTION
control field 20160609165503.0
008 - FIXED-LENGTH DATA ELEMENTS--GENERAL INFORMATION
fixed length control field 100517t xxu||||| |||| 00| 0 eng d
020 ## - NUMERO INTERNATIONAL NORMALISE DES LIVRES
International Standard Book Number 973 99919 63 05 1
040 ## - SOURCE DU CATALOGAGE
Original cataloging agency ENAM
Language of cataloging Fr
Transcribing agency ENAM
110 ## - VEDETTE PRINCIPALE - NOM DE COLLECTIVITE
Corporate name or jurisdiction name as entry element Bénin. Ministère de la Justice, de la Législation et des Droits de l'Homme
9 (RLIN) 5205
245 ## - TITLE STATEMENT
Title Le code de l'enfant au Bénin : textes législatifs et conventionnels
260 ## - PUBLICATION, DISTRIBUTION, ETC. (IMPRINT)
Place of publication, distribution, etc Cotonou
Name of publisher, distributor, etc Ministère de la Justice, de la Législation et des Droits de l'Homme
Date of publication, distribution, etc 2005
270 ## - ADDRESS
Telephone number (229) 21 31 31 46/47
Fax number (229) 21 31 31 48
300 ## - PHYSICAL DESCRIPTION
Extent 650 p.
Dimensions 21, 5 cm.
650 ## - SUBJECT ADDED ENTRY--TOPICAL TERM
Topical term or geographic name as entry element Enfant : code ; Législation
Topical term following geographic name as entry element Bénin
9 (RLIN) 5206
942 ## - ADDED ENTRY ELEMENTS (KOHA)
Koha item type Livre
Holdings
Withdrawn status Lost status Damaged status Not for loan Location (home branch) Sublocation or collection (holding branch) Date acquired Source of acquisition Koha issues (times borrowed) Koha full call number Piece designation (barcode) Koha date last seen Price effective from Koha item type
        Bibliothèque Ecole Nationale Administration et Magistrature Bibliothèque Ecole Nationale Administration et Magistrature 17/05/2010 Don du MJLDH   392.37(668.2) COD 8792ENAM 17/05/2010 17/05/2010 Livre
        Bibliothèque Ecole Nationale Administration et Magistrature Bibliothèque Ecole Nationale Administration et Magistrature 17/05/2010 Don du MJLDH   392.37(668.2) COD 8777ENAM 17/05/2010 17/05/2010 Livre
        Bibliothèque Ecole Nationale Administration et Magistrature Bibliothèque Ecole Nationale Administration et Magistrature 17/05/2010 Don du MJLDH   392.37(668.2) COD 8779ENAM 17/05/2010 17/05/2010 Livre
        Bibliothèque Ecole Nationale Administration et Magistrature Bibliothèque Ecole Nationale Administration et Magistrature 17/05/2010 Don du MJLDH   392.37(668.2) COD 8781ENAM 17/05/2010 17/05/2010 Livre
        Bibliothèque Ecole Nationale Administration et Magistrature Bibliothèque Ecole Nationale Administration et Magistrature 17/05/2010 Don du MJLDH   392.37(668.2) COD 8776ENAM 17/05/2010 17/05/2010 Livre
        Bibliothèque Ecole Nationale Administration et Magistrature Bibliothèque Ecole Nationale Administration et Magistrature 17/05/2010 Don du MJLDH   392.37(668.2) COD 8778ENAM 17/05/2010 17/05/2010 Livre
        Bibliothèque Ecole Nationale Administration et Magistrature Bibliothèque Ecole Nationale Administration et Magistrature 17/05/2010 Don du MJLDH   392.37(668.2) COD 8780ENAM 17/05/2010 17/05/2010 Livre
        Bibliothèque Ecole Nationale Administration et Magistrature Bibliothèque Ecole Nationale Administration et Magistrature 17/05/2010 Don du MJLDH   392.37(668.2) COD 8775ENAM 17/05/2010 17/05/2010 Livre
        Bibliothèque Ecole Nationale Administration et Magistrature Bibliothèque Ecole Nationale Administration et Magistrature 17/05/2010 Don du MJLDH   392.37(668.2) COD 8783ENAM 17/05/2010 17/05/2010 Livre


© 2008, Bibliothèques de l'Université d'Abomey-Calavi

04 BP 789 Cotonou, Tél. : +229 21 36 01 01, Fax : +229 21 35 06 32

Courriel : bu@bu.uac.bj